Регионална библиотека "Любен Каравелов" - Русе

Човешките раси и типове (Човекът по земята) (Запис номер 57782)

MARC детайли
000 -Лидер
Контролно поле с фиксирана дължина nam a22 a 4500
003 - Код на организацията, давaща контролен номер
Контролно поле BLK
005 - Дата и час на последна редакция
Контролно поле 20230331155409.0
008 - Елементи от данни с фиксирана дължина
fixed length control field 180408b bul|||||r ||||||| ||bul||
010 ## - Наследен системен номер
LC control number KNG00061792000
040 ## - Източник на каталожния запис
Идентификатор на билиотеката - собственик на записа BLK
041 ## - Код за език
Код за езика на текст/звукозапис или на отделно заглавие Български
Код за езика КДБФ Български
080 ## - УДК
Текстов определител УДК Специална антропология. Човешки раси (Може да се подразделя чрез етническите определители - Табл. If)
УДК код - определител по УДК 572.9
УДК определител (035)
УДК - код + определител 572.9(035)
100 1# - Редна дума - Автор
Автор Ханко, Илдико
Авторска отговорност първи автор
R(LIN) 136081
139 ## - Редно поле
Редна дума Ханко, Илдико и др.
Авторски знак Хан - Х 25
245 10 - Сведения за заглавието
Заглавие Човешките раси и типове (Човекът по земята)
Подзаглавни данни Справочник
Редно поле (дума) Илдико Ханко; съавт. Марта Лацза; прев. от унг. Мария Попова.
257 ## - Страна на издаване
Страна на създаване/издаване Унгария
260 ## - Област на издателските данни
Място на издаване, разпространение и проч. София
Име на издателя, разпространителя и проч. Петър Берон
Година на издаване 1993
Печатница Ямбол : Абагар
300 ## - Физическа характеристика
Страници 71 с.
Илюстрации и др. с ил.
Размери/Мащаб 21 см
380 ## - Жанр
Жанр Естествени науки. Математика
500 ## - Общи забележки
Забележка Ориг. загл. Emberek / Hanko Ildiko, Lacza Marta.
650 #4 - Допълнително описание по предмет – тема
Основно описание – тема или топоним Раси
9 (RLIN) 168944
650 #4 - Допълнително описание по предмет – тема
Основно описание – тема или топоним Антропология
9 (RLIN) 147249
653 ## - Ключова дума – ненормативна
Ключова дума раси
653 ## - Ключова дума – ненормативна
Ключова дума човешки типове
653 ## - Ключова дума – ненормативна
Ключова дума антропология
653 ## - Ключова дума – ненормативна
Ключова дума справочници
700 1# - Други автори (авторска отговорност)
Лично име Лацза, Марта
Автороска отговорност (Описва отношението между автора и произведението) съавт.
9 (RLIN) 87872
700 1# - Други автори (авторска отговорност)
Лично име Попова, Мария
Автороска отговорност (Описва отношението между автора и произведението) прев. от унг.
9 (RLIN) 368252
852 ## - Местоположение
Форматна сигнатура Цб 171803
Фондова буква Хранилище
856 4# - Електронен адрес и достъп
Електронен формат pdf - файл
Инструкция (цена за достъп) 0.00
Права за достъп disable
856 4# - Електронен адрес и достъп
Електронен формат pdf - файл
Инструкция (цена за достъп) 0.00
Права за достъп disable
999 ## - СИСТЕМНИ КОНТРОЛНИ НОМЕРА
Koha biblionumber 57782
Koha biblioitemnumber 57782
942 ## - АРТИКУЛИ
Вид на библиотечния материал Книги
Скрит в OPAC Не
Периодичен библиозапис Да
944 ## - СЪЗДАВАНЕ И РЕДАКЦИЯ на ЗАПИСА
Създаване/Редакция Създаване
Дата на регистрацията/редакция 13.06.2004
Статус, дата на статуса ф /
Служител, извършил регистрацията/редакцията Читалня
944 ## - СЪЗДАВАНЕ И РЕДАКЦИЯ на ЗАПИСА
Създаване/Редакция Редакция
Дата на регистрацията/редакция 12.10.2017
Статус, дата на статуса ф /
Служител, извършил регистрацията/редакцията Людмила_Стоянова
999 ## - СИСТЕМНИ КОНТРОЛНИ НОМЕРА
Koha biblioitemnumber 57782
999 ## - СИСТЕМНИ КОНТРОЛНИ НОМЕРА
Koha biblioitemnumber 57782
Наличности
Код за отписване Код за изгубен артикул Източник на класификационната схема Код за повреда Коз за рестрикции Код за отдаване Артикулен № Име на библиотеката - собственик Име на библиотеката, в която се намира в момента Статус (Текущо местоположение) Дата на вписване в системата Местоположение - отдел Цена в лева Инвентарен номер Систематично азбучна сигнатура Баркод Номер на екземпляра Цена в евро Служебна бележка Служебен тип на артикула
  Не е изгубен Universal Decimal Classification Не е повреден без рестрикции ползва се в читалня 94337 Регионална библиотека "Любен Каравелов" Русе Регионална библиотека "Любен Каравелов" Русе Читалня 1993-01-01 Читалня 0.60 579797 Ч 57/Х 25 120000579797 1 0.31 Дост: Pk Вид: Ф N: стар фонд Дата: 01.01.1993 Дата инв: 16.03.2017 Бележки инв: Ч2017 Книги
  Не е изгубен Universal Decimal Classification Не е повреден без рестрикции ползва се в читалня 94338 Регионална библиотека "Любен Каравелов" Русе Регионална библиотека "Любен Каравелов" Русе Хранилище 1993-01-01 Хранилище 0.60 580416 Цб 171803 120000580416 2 0.31 Дост: Dp Вид: Д N: стар фонд Дата: 01.01.1993 Книги
  Не е изгубен   Не е повреден без рестрикции заемане за дома 94339 Регионална библиотека "Любен Каравелов" Русе Регионална библиотека "Любен Каравелов" Русе Детски отдел 2017-10-06 Детски отдел 12.00 120000815637 ДН 57/Х 25 120000815637 3 6.14 Дост: DA Вид: А N: 38 Дата: 06.10.2017 Книги
Vip Innovations Ltd, Rousse, Bulgaria 2025